000 01362pam a2200337 a 4500
001 4380734
003 SISC
005 20160406090449.0
008 911126s1993 nyua j 000 0 eng
010 _a 91045023
020 _a9780027478228
040 _aDLC
_cDLC
_dDLC
042 _alcac
043 _an-us---
050 0 0 _aHD 9058.C652
_b.J39 1993
082 0 0 _aHS 664.7525
_b.J31 1993
100 1 _aJaspersohn, William.
_913028
245 1 0 _aCookies :
_cwritten and photographed by William Jaspersohn.
250 _a1st ed.
260 _aNew York :
_bMacmillan Publ.,
_cc1993.
300 _a1 v. (unpaged) :
_bill. ;
_c21 cm.
520 _aA behind-the-scenes look at how chocolate chip cookies are made at a Famous Amos cookie factory.
562 _e1
650 0 _aFamous Amos Chocolate Chip Cookie Corporation.
_xJuvenile Literature.
_913029
650 1 _aCookie industry.
_xUnited States.
_xJuvenile Literature
_913030
650 1 _aChocolate chip cookies.
_xJuvenile Literature.
_913031
906 _a7
_bcbc
_corignew
_d1
_eocip
_f19
_gy-gencatlg
942 _2lcc
_cBK
999 _c9271
_d9271